000 00786nam a2200265Ia 4500
003 OSt
005 20221006142121.0
006 a|||||r|||| 00| 0
007 ta
008 221006b |||||||| |||| 00| 0 eng d
020 _c490.53
024 _a5,337
037 _cTextual
040 _aEASL
_cEASL
_beng
041 _2eng
_aeng
082 _aX.42.N87, M8
100 _aOKIMOTO Daniel I Ed.
_9646917
245 0 _aInside the Japanese system
_b Readings on contemporary society and political economy
260 _aStanford
_bStanford University Press
_c1998
300 _a286p.
_ccm.
490 _v JEL
700 _a ROHLEN Thomas P Ed.
_9643450
942 _hX.42.N87, M8
_cTEXL
_2CC
999 _c1073423
_d1073423